Normal view
MARC view
- Khan, Awais
Entry Personal Name
001 - CONTROL NUMBER
- control field: 28901
003 - CONTROL NUMBER IDENTIFIER
- control field: NUST
005 - DATE AND TIME OF LATEST TRANSACTION
- control field: 20200310144846.0
008 - FIXED-LENGTH DATA ELEMENTS
- fixed length control field: 200310|| aca||aabn | a|a d
040 ## - CATALOGING SOURCE
- Original cataloging agency: NUST
- Transcribing agency: NUST
100 ## - HEADING--PERSONAL NAME
- Personal name: Khan, Awais
670 ## - SOURCE DATA FOUND
- Source citation: Work cat.: (NUST): Khan, Awais, Influence of Plasticizers on Mechanical and Thermal Properties of Methyl Cellulose based Biodegradable Films /, 2016.
